header

Zionist arabesques (Record no. 223111)

MARC details
000 -LEADER
fixed length control field 02176nam a2200457 a 4500
082 04 - DEWEY DECIMAL CLASSIFICATION NUMBER
Classification number 956.94/5
100 1# - MAIN ENTRY--AUTHOR NAME
Personal name Yaron, Hadas.
245 10 - TITLE STATEMENT
Title Zionist arabesques
260 ## - PUBLICATION, DISTRIBUTION, ETC. (IMPRINT)
Place of publication Boston :
Name of publisher Academic Studies Press,
Year of publication c2010.
300 ## - PHYSICAL DESCRIPTION
Number of Pages 226 p.
490 1# - SERIES STATEMENT
Series statement Israel : society, culture and history
505 0# - FORMATTED CONTENTS NOTE
Formatted contents note Conventional and environmental agriculture: the modern, anti modern and non modern landscapes -- From Europe to the Middle East: blossoming the desert, cultivating the land of Israel -- The State as a plot: who owns the land, who plans the landscape -- Conclusions.
650 #0 - SUBJECT ADDED ENTRY--TOPICAL TERM
Topical Term Jews
Topical Term Jews
Topical Term Agriculture
Topical Term Agriculture
Topical Term Agriculture, Cooperative
Topical Term Kibbutzim
Topical Term Collective settlements
Topical Term Labor Zionism
856 40 - ELECTRONIC LOCATION AND ACCESS
Uniform Resource Identifier http://site.ebrary.com/lib/rucke/Doc?id=10512259

No items available.

© 2026 Rongo University
Contact us: librarian | system librarian | Rongo university